Change Detection and Tracking of the Coastline of Pakistan using Machine Learning and Remote Sensing / (Record no. 594928)

000 -LEADER
fixed length control field 00500nam a22001457a 4500
020 ## - INTERNATIONAL STANDARD BOOK NUMBER
Qualifying information Hard Copy.
040 ## - CATALOGING SOURCE
Transcribing agency SINES-NUST,
082 ## - DEWEY DECIMAL CLASSIFICATION NUMBER
Classification number 004
Author Mark SAL
100 ## - MAIN ENTRY--PERSONAL NAME
Personal name Muhammad Junaid Saleem.
9 (RLIN) 113046
245 ## - TITLE STATEMENT
Title Change Detection and Tracking of the Coastline of Pakistan using Machine Learning and Remote Sensing /
Statement of responsibility, etc. Saleem, Muhammad Junaid
260 ## - PUBLICATION, DISTRIBUTION, ETC.
Place of publication, distribution, etc. Islamabad:
Name of publisher, distributor, etc. SINES-NUST,
Date of publication, distribution, etc. 2023.
300 ## - PHYSICAL DESCRIPTION
Extent 80. :
Other physical details ill. ;
Dimensions 35cm.
Accompanying material
650 ## - SUBJECT ADDED ENTRY--TOPICAL TERM
General subdivision MS-Computational Science and Engineering.
942 ## - ADDED ENTRY ELEMENTS (KOHA)
Source of classification or shelving scheme
Koha item type Thesis
Holdings
Withdrawn status Lost status Source of classification or shelving scheme Damaged status Not for loan Permanent Location Current Location Shelving location Date acquired Total Checkouts Full call number Barcode Date last seen Price effective from Koha item type
          School of Interdisciplinary Engineering and Sciences (SINES) School of Interdisciplinary Engineering and Sciences (SINES) Thesis 06/07/2023   004 SAL RCMS003395 06/07/2023 06/07/2023 Reference
© 2023 Central Library, National University of Sciences and Technology. All Rights Reserved.